Geography Quiz

Random Geography or State Quiz

Saintly States (clickable) Quiz Stats

 Plays Quiz not verified by Sporcle

Score 0/39 Timer 05:00
0 Plays Today
% Correct
Montana
48.2%
Minnesota
42.9%
Kentucky
41.1%
Missouri
41.1%
Michigan
41.1%
Idaho
39.3%
Colorado
39.3%
Indiana
39.3%
North Dakota
39.3%
Nebraska
37.5%
Illinois
35.7%
Maine
35.7%
Pennsylvania
35.7%
West Virginia
35.7%
New Mexico
33.9%
North Carolina
33.9%
Iowa
33.9%
Louisiana
33.9%
Kansas
32.1%
Delaware
30.4%
% Correct
South Dakota
30.4%
California
28.6%
Alaska
28.6%
New York
28.6%
Vermont
28.6%
Oregon
26.8%
Utah
25%
Arizona
25%
South Carolina
25%
Washington
25%
Oklahoma
23.2%
Tennessee
21.4%
Virginia
21.4%
Florida
21.4%
Maryland
21.4%
Ohio
19.6%
Georgia
19.6%
Wisconsin
19.6%
Texas
17.9%

You're not logged in!

Compare scores with friends on all Sporcle quizzes.
OR
Log In

You Might Also Like...

Show Comments

Extras

Top Quizzes Today


Score Distribution

Your Account Isn't Verified!

In order to create a playlist on Sporcle, you need to verify the email address you used during registration. Go to your Sporcle Settings to finish the process.

Report this User

Report this user for behavior that violates our Community Guidelines.

Details: